000 00252nam a22001217a 4500
008 171016b xxu||||| |||| 00| 0 eng d
041 _aalb
080 _a33
100 _a52
101 _aEKO
245 _aHYRJE NE EKONOMI
_cGRUDA,S
942 _2udc
_cBK
999 _c34120
_d34120